000
00216nam a22000857a 4500
008
160630b xxu||||| |||| 00| 0 eng d
100
_9
1617
_a
Millar, C.J
245
_a
Repentance and 20th Century Man
260
_a
USA
_c
1980
999
_c
1341
_d
1341